<?xml version="1.0" encoding="UTF-8"?>
<record
    xmlns:xsi="http://www.w3.org/2001/XMLSchema-instance"
    xsi:schemaLocation="http://www.loc.gov/MARC21/slim http://www.loc.gov/standards/marcxml/schema/MARC21slim.xsd"
    xmlns="http://www.loc.gov/MARC21/slim">

  <leader>02081cam a22003614a 4500</leader>
  <datafield tag="999" ind1=" " ind2=" ">
    <subfield code="c">522543</subfield>
    <subfield code="d">522543</subfield>
  </datafield>
  <controlfield tag="001">13815367</controlfield>
  <controlfield tag="003">NUST</controlfield>
  <controlfield tag="005">20181031043606.0</controlfield>
  <controlfield tag="008">041214s2005    dcua     b    001 0 eng  </controlfield>
  <datafield tag="010" ind1=" " ind2=" ">
    <subfield code="a">  2004029649</subfield>
  </datafield>
  <datafield tag="020" ind1=" " ind2=" ">
    <subfield code="a">9780815717638 (pbk. : alk. paper)</subfield>
  </datafield>
  <datafield tag="020" ind1=" " ind2=" ">
    <subfield code="a">0815717636</subfield>
  </datafield>
  <datafield tag="038" ind1=" " ind2=" ">
    <subfield code="a">WASEEM</subfield>
  </datafield>
  <datafield tag="040" ind1=" " ind2=" ">
    <subfield code="a">DLC</subfield>
    <subfield code="c">DLC</subfield>
    <subfield code="d">DLC</subfield>
  </datafield>
  <datafield tag="042" ind1=" " ind2=" ">
    <subfield code="a">pcc</subfield>
  </datafield>
  <datafield tag="050" ind1="0" ind2="0">
    <subfield code="a">JZ1318</subfield>
    <subfield code="b">.D465 2005</subfield>
  </datafield>
  <datafield tag="082" ind1="0" ind2="0">
    <subfield code="a">337</subfield>
    <subfield code="b">DER</subfield>
  </datafield>
  <datafield tag="100" ind1="1" ind2=" ">
    <subfield code="a">Dervi&#x15F;, Kemal.</subfield>
    <subfield code="9">12503</subfield>
  </datafield>
  <datafield tag="245" ind1="1" ind2="2">
    <subfield code="a">A better globalization :</subfield>
    <subfield code="b">legitimacy, governance, and reform /</subfield>
    <subfield code="c">Kemal Dervi&#x15F;, in cooperation with Ceren &#xD6;zer.</subfield>
  </datafield>
  <datafield tag="260" ind1=" " ind2=" ">
    <subfield code="a">Washington, D.C. :</subfield>
    <subfield code="b">Center for Global Development,</subfield>
    <subfield code="c">c2005.</subfield>
  </datafield>
  <datafield tag="300" ind1=" " ind2=" ">
    <subfield code="a">xxvi, 301 p. :</subfield>
    <subfield code="b">ill. ;</subfield>
    <subfield code="c">cm.</subfield>
  </datafield>
  <datafield tag="504" ind1=" " ind2=" ">
    <subfield code="a">Includes bibliographical references (p. 273-[288]) and index.</subfield>
  </datafield>
  <datafield tag="505" ind1="0" ind2=" ">
    <subfield code="a">The end and the new beginning of history -- The international system -- A renewed United Nations -- Global economic goverance and a new UN Economic and Social Security Council -- Enabling stable growth in the emerging-market economies -- The special challenge of the poorest countries -- The international trade and the WTO : old debates and new passions -- Regional integration and globalization -- National politics and global choices.</subfield>
  </datafield>
  <datafield tag="520" ind1=" " ind2=" ">
    <subfield code="a">"Discusses the two broad dimensions of the globalization debate--economic, including finance, trade, poverty, and health; and political, covering security, the fight against terrorism, and the role of international institutions--and the significance of democratic consent in the twenty-first century"--Provided by publisher.</subfield>
  </datafield>
  <datafield tag="650" ind1=" " ind2="0">
    <subfield code="a">Globalization.</subfield>
    <subfield code="9">7773</subfield>
  </datafield>
  <datafield tag="700" ind1="1" ind2=" ">
    <subfield code="a">&#xD6;zer, Ceren.</subfield>
    <subfield code="9">12504</subfield>
  </datafield>
  <datafield tag="710" ind1="2" ind2=" ">
    <subfield code="a">Center for Global Development.</subfield>
    <subfield code="9">12505</subfield>
  </datafield>
  <datafield tag="856" ind1="4" ind2="1">
    <subfield code="3">Table of contents</subfield>
    <subfield code="u">http://www.loc.gov/catdir/toc/ecip055/2004029649.html</subfield>
  </datafield>
  <datafield tag="856" ind1="4" ind2="2">
    <subfield code="3">Publisher description</subfield>
    <subfield code="u">http://www.loc.gov/catdir/enhancements/fy1605/2004029649-d.html</subfield>
  </datafield>
  <datafield tag="906" ind1=" " ind2=" ">
    <subfield code="a">7</subfield>
    <subfield code="b">cbc</subfield>
    <subfield code="c">orignew</subfield>
    <subfield code="d">1</subfield>
    <subfield code="e">ecip</subfield>
    <subfield code="f">20</subfield>
    <subfield code="g">y-gencatlg</subfield>
  </datafield>
  <datafield tag="942" ind1=" " ind2=" ">
    <subfield code="2">ddc</subfield>
    <subfield code="c">BK</subfield>
  </datafield>
  <datafield tag="952" ind1=" " ind2=" ">
    <subfield code="0">0</subfield>
    <subfield code="1">0</subfield>
    <subfield code="2">ddc</subfield>
    <subfield code="4">0</subfield>
    <subfield code="7">0</subfield>
    <subfield code="8">NFIC</subfield>
    <subfield code="a">CL</subfield>
    <subfield code="b">CL</subfield>
    <subfield code="c">CART</subfield>
    <subfield code="d">2018-10-31</subfield>
    <subfield code="l">1</subfield>
    <subfield code="o">337 DER</subfield>
    <subfield code="p">CL-D-65</subfield>
    <subfield code="r">2019-06-12</subfield>
    <subfield code="s">2019-02-04</subfield>
    <subfield code="t">1</subfield>
    <subfield code="w">2018-10-31</subfield>
    <subfield code="y">BK</subfield>
  </datafield>
</record>
